000 00374nam a2200133Ia 4500
005 20260326100037.0
008 260326s9999||||xx |||||||||||||| ||und||
100 _aBuschiazzo, Mario J.
245 0 _aEstudios de Arquitectura Colonial hispanoAmericana /
_cMario J. Buschiazzo
260 _bGuillermo Kraft
300 _a153 p.
650 _aARQUITECTURA COLONIAL
942 _cBK
999 _c6844
_d6844